00696 2200253 4500001002100000005001500021035002000036007000300056008004100059040001700100100002300117245010200140250001200242300003600254020001900290041000800309082000800317084001400325090002000339260003900359600001100398850001000409990002300419INLIS00000000000328820260527115114 a0010-0421000111ta260527 0  aSBPUPADbind0 apenyunting,Tajudin1 aBusana Bergaya Muslim Untuk Remaja :bFeminim & Maskulin /cHeidy Purnama Dewi;penyunting,Tajudin a.-Cet.1 aviii, 76 hlm. :bilus. ;c28 cm a979-33034-73-40 aind a391 a391 PEN b a391 PEN b L9-R2 a.--Jakarta :bKawan Pustaka,c2004 4aBusana aPUPAD a0927/Br/Arpus/2017